[Event "Prague Masters 2nd"]
[Site "Prague"]
[Date "2020.02.15"]
[Round "4"]
[White "Firouzja, Alireza"]
[Black "Vitiugov, Nikita"]
[Result "1/2-1/2"]
[WhiteElo "2726"]
[BlackElo "2731"]
[Annotator "Vitiugov,N"]
[PlyCount "89"]
[EventDate "2020.02.12"]
[EventType "tourn"]
[EventRounds "9"]
[EventCountry "CZE"]
[EventCategory "19"]
[SourceTitle "CBM 195"]
[Source "ChessBase"]
[SourceDate "2020.04.30"]
[SourceVersion "1"]
[SourceVersionDate "2020.04.30"]
[SourceQuality "1"]

{The first time when COVID-19 affected chess life, was in Prague. Wei Yi
wasn't able to come, and the organizers got a great chance to invite Alireza
Firouzja. As they say, the last invited player has high chances to win a
tournament (tell me about it - I was invited to Wijk last moment) - and he did
it eventually!} 1. e4 e5 2. Nf3 Nc6 3. Bb5 a6 4. Ba4 Nf6 5. O-O Be7 6. d3 b5 7.
Bb3 d6 8. c3 {A side line, but there were several top games here recently,
three of them even being Carlsen - Ding, so it definitely deserves attention.}
O-O 9. h3 h6 $6 {Black has a wide choice of options here - that's always
puzzling.} ({The day before Alireza won a nice game after} 9... Na5 10. Bc2 c5
11. d4 Qc7 12. d5 Nc4 13. b3 Nb6 14. a4 c4 15. axb5 axb5 $2 (15... cxb3) 16.
Rxa8 Nxa8 17. bxc4 bxc4 18. Ba3 $16 {1-0 (40) Firouzja,A (2726)-Harikrishna,P 
(2713) Prague CZE 2020}) 10. a4 Bb7 11. Re1 (11. Nh4 $1 {was very tempting and
probably gave White hope for advantage:} Na5 12. Ba2 d5 (12... c5 13. Nf5) 13.
b4 Nc6 14. exd5 (14. Qf3 $1 {is even stronger}) 14... Nxd5 15. Nf5 $36) 11...
Re8 12. Nbd2 Bf8 13. Nf1 Na5 14. Bc2 c5 {Now Black has equalized with natural
moves.} 15. Ne3 (15. Ng3 d5 16. axb5 axb5 17. d4 cxd4 18. cxd4 Bb4 19. Bd2 Bxd2
20. Nxd2 exd4 21. e5 Ne4 22. Ndxe4 dxe4 23. Bxe4 Bxe4 24. Rxe4 d3 $11 {1/2-1/2
(36) Yu,Y (2747)-Sethuraman,S (2639) Caleta 2016}) 15... Qd7 ({I didn't like} 
15... c4 {because of} 16. Ng4) ({But} 15... b4 $5 {was quite possible.}) 16.
Nh2 d5 17. axb5 axb5 18. Qf3 {Harmless.} ({I considered} 18. exd5 {as the main
line, and it is very complicated after} Nxd5 19. Neg4 f6 (19... Qc7 20. Nf3) (
19... Nf4 20. Nf3 $5 (20. Bxf4 exf4 $11) 20... Bd6) 20. Nf3 {(playing slowly)}
(20. c4 $2 Nb4) (20. d4 exd4 21. Rxe8 Qxe8 22. Qd3 g6 {and Black holds.}) 20...
b4 21. Bd2 $13) 18... c4 19. Nhg4 Nxg4 20. Nxg4 dxe4 (20... cxd3 $2 {is bad of
course due to} 21. Qxd3 $16) ({But} 20... h5 {was possible:} 21. Ne3 cxd3 22.
Bxd3 dxe4 (22... Nb3 $5 23. Rxa8 Rxa8 24. exd5 Ra1 25. Qxh5 g6 {Alireza said
after the game that he wasn't sure about this position and it is unclear
indeed.}) 23. Bxe4 Bxe4 24. Qxe4 Qc6 $11) 21. dxe4 Qe6 22. Qg3 Kh8 {Black
shouldn't be so modest.} (22... h5 $5 23. Nh6+ Kh7 24. Nf5 g6 {and White has
to prove it is equal.}) 23. f4 exf4 24. Bxf4 Nb3 25. Rad1 Rad8 {Again, the
most solid} ({After} 25... Ra2 26. Bd6 {black has to find the only move -} Be7
$1) 26. e5 Nc5 {I thought here I was fine, so the next operation came as a
surprise:} 27. Rxd8 Rxd8 28. Nf6 $2 {I am not sure was it bluff or not, but it
paid off quickly.} gxf6 $6 ({The answer wasn't complicated -} 28... Qb6 $1 {
and the point is that after} 29. Kh1 (29. Bxh6 Ne4+ 30. Be3 Nxg3 31. Bxb6 Rd2
32. Be4 Nxe4 33. Nxe4 Rxb2 {and White is suffering, but of course, this wasn't
his intention.}) 29... gxf6 30. Qh4 fxe5 $19 {the rook on d8 is protected!}) (
28... Nd3 29. Bxh6) 29. Qh4 Rd3 $2 {I hope I've spent my limit of blunders in
Prague for several years. Black humor - for this year it might be literally
true due to COVID-19:)} ({The way wasn't easy, but there was one, only.} 29...
Kg8 $1 30. Re3 (30. Bxh6 Bxh6 31. Qxh6 Rd3 {transposes.}) (30. exf6 $2 Qc6) (
30. Qg3+ Kh8 $11) 30... Rd3 31. Bxd3 Nxd3 32. exf6 Be4 $1 33. Bxh6 (33. Qg3+
Kh7 $19) 33... Bc5 34. Qg3+ Bg6 $19) 30. Bxh6 Bxh6 31. exf6 $1 {This
intermediate move decides the game.} (31. Qxh6+ Kg8 32. Bxd3 Nxd3 33. Re3 Nxe5
34. Rg3+ Ng6 {and White doesn't have a draw here:} 35. h4 Qd6 36. Kh2 f5 37. h5
f4 $19) 31... Qxe1+ 32. Qxe1 Ne4 ({Unfortunately} 32... Be4 {doesn't work:} 33.
b4 $1 ({Black escapes nicely after} 33. Qh4 Kh7 34. Qh5 Bg6 35. Bxd3 cxd3 36.
Qxc5 d2 37. Qd5 Bc2 38. Qxf7+ Kh8 $11 {and White can't make progress.}) 33...
Re3 34. Qh4 Kh7 35. bxc5 Bxc2 36. c6 $18) 33. Qh4 Kh7 34. Qh5 {Of course,
White never takes the rook.} Nd6 35. g4 Bf3 {I didn't see how White is winning,
neither did Alireza. We were both down to seconds, so none of us realized that
the position is zugzwang for Black!} 36. Qe5 (36. Kf1 Bd1 37. Bb1 Bf3 38. Ke1
$18) 36... Bf8 37. Kf2 $2 {Desperately played with 2 seconds left. Now Black
survives.} Ne4+ 38. Kf1 Kg8 39. Qxb5 Rd5 40. Qb8 ({The last chance to play for
a win was} 40. Qe8 Nxf6 41. Qe3 Bd1 42. Bf5 {but it is double-edged.}) 40...
Rd2 41. Bxe4 Bxe4 42. h4 Bd3+ 43. Kg1 Be4 44. Kf1 Bd3+ 45. Kg1 1/2-1/2

[Event "Dortmund SuperGM 23rd"]
[Site "Dortmund"]
[Date "1995.07.16"]
[Round "3"]
[White "Leko, Peter"]
[Black "Piket, Jeroen"]
[Result "1/2-1/2"]
[WhiteElo "2605"]
[BlackElo "2625"]
[Annotator "Von Gleich,A"]
[PlyCount "60"]
[EventDate "1995.07.14"]
[EventType "tourn"]
[EventRounds "9"]
[EventCountry "GER"]
[EventCategory "17"]
[SourceTitle "CBM 048"]
[Source "ChessBase"]
[SourceDate "1995.10.01"]
[SourceVersion "1"]
[SourceVersionDate "1995.10.01"]
[SourceQuality "1"]

1. e4 e5 2. Nf3 Nc6 3. Bb5 a6 4. Ba4 Nf6 5. O-O Be7 6. Re1 b5 7. Bb3 d6 8. c3
O-O 9. h3 Bb7 10. d4 Re8 11. Nbd2 Bf8 12. d5 Nb8 13. Nf1 Nbd7 14. Ng3 g6 15.
Bg5 Bg7 (15... h6 16. Be3 Nc5 17. Bc2 c6 18. b4 Ncd7 (18... cxd5 19. bxc5 dxe4
20. Nh2 d5 $16) 19. dxc6 Bxc6) 16. Qd2 (16. Nh2 h6 17. Be3 h5) 16... Qe7 17.
Nh2 h5 18. Rad1 (18. a4 Nc5 19. Bc2 bxa4 20. Bxa4 Nxa4 21. Rxa4 c6 $10) 18...
Qf8 19. Bc2 Nb6 20. b3 Nfd7 (20... Rec8 21. Be3 Nfd7 22. Bd3 c6) (20... Rac8)
21. Nf3 Rac8 22. Bd3 {Entgegen seinen Ankündigungen in der Pressekonferenz,
agiert Leko sehr zurückhaltend. Der stellungsgemäße Plan verlangt eine Attacke
am Königsflügel:} (22. Nh4 c6 23. dxc6 Rxc6 24. Re3 f6 (24... Re6 25. Ngf5 gxf5
26. exf5 Rf6) 25. Rf3 (25. Nxg6 Qf7)) 22... c6 23. c4 bxc4 24. bxc4 Nc5 25. Rb1
Nbd7 26. Bf1 Rc7 27. Be3 (27. Nh4 Kh7 28. Qd1 Bh6 (28... Qh8 29. Bd2 Bf6 30.
Ba5 Rcc8 31. Nhf5) 29. Bxh6 Qxh6 30. dxc6 Rxc6 (30... Bxc6 $1 31. Qxd6 Rcc8 {
/\ Re8-e6, Nd7-f6 und Angriff - Karpov}) 31. Qd5) 27... Qe7 28. Bg5 Qf8 (28...
Bf6 {Karpov: I like this N on c5. Piket : I don t like the B on b7.} 29. h4 (
29. Bxf6 Qxf6 30. Qh6 $2 Qf4 31. Ng5 Nf8 $17) 29... Rec8 30. Qa5 (30. Rec1 Qd8
31. Qe3) 30... Bxg5 31. hxg5) 29. Be3 Qe7 30. Bg5 Qf8 1/2-1/2

[Event "Sufe Cup"]
[Site "Shanghai"]
[Date "2000.03.05"]
[Round "3"]
[White "Bologan, Viktor"]
[Black "Xie, Jun"]
[Result "1/2-1/2"]
[WhiteElo "2589"]
[BlackElo "2542"]
[Annotator "Wedberg,T"]
[PlyCount "98"]
[EventDate "2000.03.03"]
[EventType "tourn"]
[EventRounds "13"]
[EventCountry "CHN"]
[EventCategory "13"]
[SourceTitle "CBM 076"]
[Source "ChessBase"]
[SourceDate "2000.05.31"]
[SourceVersion "1"]
[SourceVersionDate "2000.05.31"]
[SourceQuality "1"]

1. e4 e5 2. Nf3 Nc6 3. Bb5 a6 4. Ba4 Nf6 5. O-O Be7 6. Re1 b5 7. Bb3 d6 8. c3
O-O 9. h3 a5 $5 {This odd move has some points to it.} 10. d3 (10. d4) 10... a4
{Putting a P on a4 has the advantage of preventing a white a4 at a later stage.
} 11. Bc2 Bd7 12. Nbd2 Re8 13. Nf1 h6 (13... Bf8 14. Bg5 (14. Ng3 g6 15. d4 Bg7
16. Bg5 h6 17. Be3 Qe7 18. Qd2 Kh7 19. Rad1 Red8 $13 {1/2-1/2 Raaste,
E-Lehtivaara,P/FIN 1996/EXT 98 (44)}) 14... h6 15. Bd2 d5 $1 $10 {1/2-1/2
Kruppa,Y-Zaitsev,I/Minsk 1993/CBM 36/[Wedberg] (29)}) 14. Ng3 (14. a3 Na5 15.
Ng3 Bf8 16. Nh2 d5 17. exd5 Nxd5 18. Ng4 Bxg4 19. hxg4 (19. Qxg4 Ra6 20. Bd2
Nf6 21. Qf3 Rae6 22. Rad1 Qa8 23. Qxa8 Rxa8 24. Kf1 $14 {1-0 Smagin,S-Hebden,M/
Hastings 1990/TD (41)}) 19... c6 20. Qf3 Qd7 21. Ne4 Be7 22. Bd2 Nb7 23. Re2
Bf8 24. Rae1 Re6 25. g5 $36 {1-0 Galkin,A-Gorin,L/Koszalin 1999/EXT 2000 (57)})
14... Bf8 15. Nh2 $146 {[%mdl 8]} (15. d4 g6 16. Be3 Bg7 17. Qd2 Kh7 18. Rad1
Na5 19. b3 Qb8 20. Nh2 axb3 21. axb3 Nc6 22. f4 b4 23. Nf3 bxc3 24. Qxc3 exd4
25. Nxd4 Nb4 26. Bb1 c5 $132 {0-1 Arakhamia,K-Griffiths,P/Stockholm 1994/EXT
2000 (41)}) 15... Na5 16. f4 {Given Black´s operations on the Q-side it´s
logical to attack on the other side.} c5 17. Nf3 Nc6 18. a3 Qc7 19. Rf1 Ra6 20.
Be3 Rc8 21. Rc1 Na5 22. Bb1 Rc6 23. Rc2 b4 24. Rcf2 $132 {A tense situation.
Both players have mobilized but on opposite wings. White needs to break the
position open in front of Black´s K. If he can do that White should be fine,
else Black´s Q-side play will soon get annoying.} bxc3 25. bxc3 Nb3 26. Nd2 $6
{This retreat in a way levels the game. White exchanges one of his attackers
for the stray N on the Q-side.} (26. Nh4 $5 {Slightly risky perhaps, but White
has a lot going for him on the K-side.} d5 (26... exf4 27. Rxf4 d5 28. Nh5 $40)
27. fxe5 Qxe5 28. Qf3 Qxc3 29. exd5 Rd6 30. Ne4 $40) 26... d5 $1 {Black should
be fine now.} 27. fxe5 Qxe5 28. Ne2 Nxd2 29. Qxd2 Bd6 $2 (29... dxe4 $142) 30.
Bf4 Qe7 31. exd5 Nxd5 32. Bxd6 Rxd6 33. Rxf7 $16 Qe3+ (33... Qxf7 34. Rxf7 Kxf7
35. Ba2 $16) 34. Qxe3 Nxe3 35. Ba2 c4 36. R1f3 (36. Bxc4 $5 Nxc4 37. dxc4 Be6
38. c5 $1 Rd2 (38... Rxc5 39. Rf8+ Kh7 40. Nd4 $16) 39. R7f2 Bc4 40. Nd4 Rxf2
41. Rxf2 $16) 36... Bc6 $1 37. Rxe3 Kxf7 38. Bxc4+ Bd5 39. Bxd5+ Rxd5 40. c4
Rd6 41. Nc3 Rb8 42. Nb5 Rf6 43. d4 Re8 44. Rxe8 Kxe8 45. c5 Kd8 46. Nc3 Rf4 47.
Nb5 Rf6 48. Nc3 Rf4 49. Nb5 Rf6 1/2-1/2

[Event "RUS-ch"]
[Site "Elista"]
[Date "1996.??.??"]
[Round "10"]
[White "Dolmatov, Sergey"]
[Black "Varavin, Viktor"]
[Result "1-0"]
[WhiteElo "2575"]
[BlackElo "2520"]
[Annotator "Wedberg,T"]
[PlyCount "135"]
[EventDate "1996.10.15"]
[EventType "swiss"]
[EventRounds "11"]
[EventCountry "RUS"]
[SourceTitle "CBM 056"]
[Source "ChessBase"]
[SourceDate "1997.02.01"]
[SourceVersion "1"]
[SourceVersionDate "1997.02.01"]
[SourceQuality "1"]

{This game is a nice model for play against a weak d6-P. Its a Spanish line,
but the thematic position culd as well have come from some sicilian variation.
} 1. e4 {Hecht} e5 2. Nf3 Nc6 3. Bb5 a6 4. Ba4 Nf6 5. O-O b5 6. Bb3 Be7 7. Re1
d6 8. c3 O-O 9. h3 Nd7 10. d4 Bf6 11. a4 Bb7 12. Na3 Nb6 13. axb5 axb5 14. d5
Ne7 15. Be3 c6 16. Qe2 $146 {Dolamtov declines the gambit and tries a new move
against Varavin, who is a devoted expert in this line. Dolmatovs approach is
less tactical and more strategic. Rather than taking d6 immediately, White
plans to take it at some later point. The immediate point though is to stall
Blacks attack on the white center.} (16. dxc6 Bxc6 17. Bxb6 Qxb6 18. Qxd6 Rfd8
19. Qb4 Qb7 (19... Ng6 $6 20. Nc4 $1 Qc7 21. Rxa8 Bxa8 22. Qxb5 $14 {1/2-1/2
Kruppa,Y-Ginsburg,G/Kherson 1990 (41)}) 20. Re3 (20. Bc2 Ng6 21. Qc5 Be7 22.
Qe3 h6 23. g3 Qc8 24. Kh2 Bd7 25. b4 Bc6 26. Bb3 Qb7 27. h4 Bd6 28. Nc2 Rxa1
29. Nxa1 Bb8 $44 {0-1 Degerman,L-Varavin,V/Gausdal PG 1993 (43)}) (20. Nh2 Ng6
21. Bd5 Bxd5 22. exd5 Rab8 23. c4 bxc4 24. Qxb7 Rxb7 25. Nxc4 Rxd5 26. Ng4 h5
$10 {1/2-1/2 Rytshagov,M-Sepp,O/Parnu-B 1996 (40)}) 20... Ng6 21. c4 Bxe4 22.
cxb5 Bxf3 (22... Bf5 23. Rae1 e4 24. Bc2 $1 $16 {1-0 Timoshenko,G-Varavin,V/
Alushta2 1994 (33)}) 23. Rxf3 Nh4 24. Rg3 Rd3 25. Qg4 (25. Qxh4 $5 Rxb3 $1 26.
Qh5 Rxb5 27. Qf5 Rb3 $15 {Enders,P-Varavin,V/Budapest/1995/0,5/44/}) 25... h5
26. Qxh4 Rxb3 27. Qxh5 Rxb5 $44 {1/2-1/2 Enders,P-Varavin,V/Budapest FS05 GM
1995 (43)}) 16... Rb8 (16... cxd5 $4 17. Qxb5 $18) 17. dxc6 Bxc6 18. Rad1 {
If White can control d5 - preferably with Nc2-b4 - Black will have a difficult
game.} Na4 $6 {This clearly fails to solve Blacks problems, but its not
obvious how to improve on it.} (18... Bxe4 19. Nxe5 Bxe5 20. Bxb6 Qxb6 21. Qxe4
$16) (18... b4 19. cxb4 (19. Bxb6 Qxb6 20. Nc4 Qc5 21. Nxd6 bxc3 $13) 19...
Bxe4 20. Bxb6 (20. Nxe5 $6 Bxe5 21. Bxb6 Qxb6 22. Qxe4 Qxb4 $15) 20... Bxf3 21.
Bxd8 Bxe2 22. Rxd6 (22. Bxe7 Bxd1 23. Bxf8 Bxb3 24. Bxd6 Re8 25. b5 $16) 22...
Rxb4 23. Bxf7+ Kxf7 24. Rxe2 Nf5 25. Rb6 Nd4 26. Re1 Rxb6 27. Bxb6 Rb8 28. Nc4
$16) (18... Nbc8 {Yes, its ugly, but something must be done. The retreat takes
away tactics against b5, b6 and d6.} 19. Bc5 (19. Nc2 $2 Bxe4 $1 $15) 19... Qc7
20. Bb4 Rd8 $14 {Black is still in the game.}) 19. Bxa4 $1 bxa4 20. Bc5 Nc8 21.
Bb4 $16 {The position has become static with weak black P:s on d6 and a4. A
promising situation for the white cavallery.} Qd7 22. Nd2 Be7 23. Ndc4 Qe6 24.
Qg4 $1 Qf6 (24... Qxg4 25. hxg4 Rd8 26. f3 {White has free hands to do what he
wants in this position.} f6 27. Ne3 Rd7 28. Rd2 Kf7 29. Red1 Rbb7 30. Nac4 $16)
25. Ne3 Bd8 26. Nac4 Bc7 27. Nd5 Bxd5 28. Rxd5 Rd8 29. Rd2 g6 30. Red1 Ra8 31.
Qe2 h5 32. Ne3 Ne7 33. Nd5 Nxd5 34. Rxd5 Rab8 35. Qc2 Ra8 36. Qd2 Rab8 37. Ra1
Ra8 38. Rd1 Rab8 39. Qe2 Qf4 40. R5d3 Qf6 41. Qc2 Ra8 42. Rd5 Qf4 43. Bxd6 {
Finally White cashes in on d6. The culmination of a plan that started already
with the 12:th move.} Bxd6 44. Rxd6 Rxd6 45. Rxd6 Rb8 46. c4 Rb4 47. Rd5 Kg7
48. Rb5 Rb3 49. Rxb3 axb3 {[#]_|_ Hecht weiße o^o^ gegen Dauerschachdrohung}
50. Qxb3 Qc1+ 51. Kh2 Qf4+ 52. Qg3 Qxe4 53. Qc3 $18 Qe2 54. f4 f6 55. fxe5 f5
56. c5 f4 57. c6 h4 58. Qf3 (58. c7 $6 {Hecht} f3 59. Qxf3 Qxe5+ 60. Kg1 Qc5+
$1 (60... Qxc7 61. Qc3+ $18) 61. Qf2 Qc1+ 62. Qf1 Qxc7 63. b4 $16) 58... Qc4
59. b3 Qc1 60. b4 g5 61. Qg4 Kg6 62. Qe6+ Kh5 63. Qf7+ Kh6 64. Qf6+ Kh5 65. Qg7
Qc2 66. c7 Qd3 67. Qf7+ Kh6 68. Qe6+ 1-0

[Event "Rovno"]
[Site "Rovno"]
[Date "2000.??.??"]
[Round "8"]
[White "Lastin, Alexander"]
[Black "Kholmov, Ratmir D"]
[Result "1-0"]
[WhiteElo "2510"]
[BlackElo "2489"]
[Annotator "Wedberg,T"]
[PlyCount "51"]
[EventDate "2000.01.20"]
[EventType "tourn"]
[EventRounds "15"]
[EventCountry "UKR"]
[EventCategory "8"]
[SourceTitle "CBM 076"]
[Source "ChessBase"]
[SourceDate "2000.05.31"]
[SourceVersion "1"]
[SourceVersionDate "2000.05.31"]
[SourceQuality "1"]

1. e4 e5 2. Nf3 Nc6 3. Bb5 a6 4. Ba4 Nf6 5. O-O Be7 6. Re1 b5 7. Bb3 d6 8. c3
O-O 9. h3 Nd7 10. d4 Bf6 11. a4 Bb7 12. Na3 Nb6 (12... exd4 {is the most
popular choice.}) 13. d5 Ne7 14. Be3 c6 15. axb5 axb5 16. dxc6 Bxc6 17. Bxb6
Qxb6 18. Qxd6 Rfd8 19. Qb4 Qb7 (19... Ng6 $6 20. Nc4 $1 Qc7 21. Rxa8 Bxa8 22.
Qxb5 Rb8 23. Qa6 $16 {Kruppa,Y-Ginsburg,G/Kherson/1990/0,5/41/ (27)}) 20. Rad1
Rxd1 21. Rxd1 $1 $146 {[%mdl 8] This looks like a strong improvement over
previous games.} (21. Bxd1 Ng6 22. Bc2 Be7 {Hennigan,M-Rausis,I/Gausdal/1995/0,
5/22/} 23. Qb3 Bc5 $44 {Timoshenko/}) 21... Bxe4 (21... Ng6 22. Bd5 $16) 22.
Nxb5 Bxf3 23. gxf3 Qxf3 24. Nd6 $1 {The point of White´s play. White´s attack
is more real than Black´s. One important factor is that White covers the
fourth rank with his Q. So Black has no Qg4+.} Qxh3 25. Nxf7 Kf8 26. Nd8 $1 (
26. Nd8 Rc8 27. Ne6+ Ke8 28. Qa4+ Nc6 29. Bd5 Ke7 30. Qa3+ $18) 1-0

[Event "Corus"]
[Site "Wijk aan Zee"]
[Date "2004.01.24"]
[Round "12"]
[White "Akopian, Vladimir Eduardovic"]
[Black "Zhang, Zhong"]
[Result "1/2-1/2"]
[WhiteElo "2693"]
[BlackElo "2639"]
[Annotator "Wedberg,T"]
[PlyCount "122"]
[EventDate "2004.01.10"]
[EventType "tourn"]
[EventRounds "13"]
[EventCountry "NED"]
[EventCategory "19"]
[SourceTitle "CBM 099"]
[Source "ChessBase"]
[SourceDate "2004.03.30"]
[SourceVersion "1"]
[SourceVersionDate "2004.03.30"]
[SourceQuality "1"]

1. e4 e5 2. Nf3 Nc6 3. Bb5 a6 4. Ba4 Nf6 5. O-O Be7 6. Re1 b5 7. Bb3 d6 8. c3
O-O 9. h3 Bb7 10. d4 Re8 11. Nbd2 Bf8 12. d5 Nb8 13. Nf1 Nbd7 14. N3h2 Nc5 15.
Bc2 c6 16. b4 Ncd7 17. dxc6 Bxc6 18. Bg5 h6 19. Bxf6 Nxf6 20. Ng4 Nxg4 21. Qxg4
Bd7 {Black can live with the backward d-P. This is basically a sicilian
position. The P on c3 gives Black enough counterplay.} (21... d5 $6 22. exd5
Qxd5 23. Bb3 Qd8 (23... Qd7 24. Qh5 $40 {1-0 McShane,L-Stefansson,H/Reykjavik
2003/CBM 94/[McShane] (28)}) 24. Qh5 $16 {Adams-Ponomariov, Linares 2002}) 22.
Qf3 (22. Qd1 Rc8 23. Re3 Be6 24. Bb3 Re7 25. Rg3 Rec7 {1/2-1/2 Naiditsch,
A-Bacrot,E/Lausanne 2003/CBM 98 (72)}) (22. Qf3 Rc8 23. Bb3 Be6 24. Rad1 Re7
25. Rd3 Rec7 26. Ng3 Qg5 $132 {1/2-1/2 Vouldis,A-Cela,A/Athens 1997/EXT 2004 
(44)}) 22... Rc8 23. Bb3 Be6 24. Rec1 (24. Rad1 Re7 25. Rd3 Rec7 26. Ng3 Qg5
$132 {1/2-1/2 Vouldis,A-Cela,A/Athens 1997/EXT 2004 (44)}) 24... Be7 25. Rc2 a5
26. Qd3 axb4 27. cxb4 Rxc2 28. Qxc2 Qb6 29. Ne3 $5 {White gives a P to get
command over d5, but the position remains in balance.} Qd4 30. Rd1 Qxb4 31. Qc6
Rf8 32. Nd5 Bxd5 33. Bxd5 {[%csl Gd5] The B is excellent on d5. It completely
compensates for the minus P.} Qc5 34. Rc1 Qxc6 35. Rxc6 Rb8 36. Rc7 Kf8 37. h4
g6 38. g3 b4 39. Kg2 Rb5 40. Rc8+ Kg7 41. Rc7 Kf8 42. Bb3 h5 43. Ra7 Rb6 44.
Kf1 Rb8 45. Ke2 f5 $1 46. Kd3 Rc8 47. exf5 gxf5 48. Rb7 Rc3+ 49. Kd2 e4 50.
Rxb4 Rf3 51. Ke1 Bf6 52. Kf1 Kg7 53. Bd1 Ra3 54. Bb3 Be5 55. Ra4 Rxa4 56. Bxa4
d5 57. Bd7 Kg6 58. Be8+ Kh6 59. Bd7 Kg6 60. Be8+ Kh6 61. a4 Bc7 1/2-1/2

[Event "Chigorin Memorial 07th"]
[Site "St Petersburg"]
[Date "1999.11.04"]
[Round "3"]
[White "Virovlansky, Semen"]
[Black "Lugovoi, Aleksei"]
[Result "1/2-1/2"]
[WhiteElo "2406"]
[BlackElo "2509"]
[Annotator "Wedberg,T"]
[PlyCount "106"]
[EventDate "1999.11.02"]
[EventType "swiss"]
[EventRounds "9"]
[EventCountry "RUS"]
[SourceTitle "CBM 074"]
[Source "ChessBase"]
[SourceDate "2000.02.01"]
[SourceVersion "1"]
[SourceVersionDate "2000.02.01"]
[SourceQuality "1"]

1. e4 e5 2. Nf3 Nc6 3. Bb5 a6 4. Ba4 Nf6 5. O-O Be7 6. Re1 b5 7. Bb3 d6 8. c3
O-O 9. h3 Nd7 10. d4 Bf6 11. a4 Bb7 12. Na3 exd4 13. cxd4 Re8 14. Bf4 Na5 15.
Bc2 b4 16. Nb1 Nf8 17. Nbd2 Ne6 18. Be3 c5 19. d5 Nf8 20. Rb1 c4 21. b3 (21.
Qe2 Rc8 22. Nh2 b3 (22... Nd7 23. Ng4 Bg5 24. f4 Bh4 25. Rf1 b3 26. Bd1 f5 27.
exf5 Nb6 $132 {0-1 Jonczyk,W-Murdzia,P/Polanica Zdroj 1993/EXT 93op2 (41)}) 23.
Bd1 Nd7 24. Ng4 $13 {1-0 Svidler,P-Smagin,S/St Petersburg 1998/CBM 67/[Wedberg]
(35)}) 21... cxb3 22. Nxb3 (22. Bxb3 Nxb3 23. Qxb3 a5 24. Nd4 Ng6 25. Rbc1 Bxd4
26. Bxd4 Ba6 27. Qg3 f6 28. f4 Rc8 $132 {1/2-1/2 Lutz,C-Onischuk,A/Germany
1999/GER-chT (63)}) 22... Nc4 $5 {An interesting idea - the N is heading for
a3!} (22... Nxb3 23. Rxb3 Bc3 24. Bd2 Bxd2 25. Qxd2 a5 26. Nd4 $14 {1-0
Wedberg,T-Larsson,A/Stockholm 1999}) 23. Bd4 a5 24. Bd3 Na3 $5 {The N is oddly
placed on a3, but it prevents Bb5 and can help aid the b-P is White isn't
careful.} 25. Rc1 Nd7 26. Bxf6 Qxf6 27. Rc7 Bc8 28. Qc1 Nf8 29. Ng5 $5 {
A bold attack, but White had to do something, since Black threatened to
strengthen his position with Bd7.} (29. Qc6 $2 Bd7 $1 (29... Bxh3 $2 30. e5 $1
$18) 30. Rxd7 Nxd7 31. Qxd7 Qc3 32. Nc1 b3 $17) (29. Nbd4 Bd7 $132) 29... h6 $1
(29... Bd7 $2 30. Nxh7 $1 Nxh7 (30... Kxh7 31. e5+ $18) 31. Rxd7 $16) 30. Nxf7
Bd7 31. e5 dxe5 (31... Qxf7 32. e6 $13) 32. Nc5 Qxf7 33. Nxd7 Nxd7 34. Qc6 e4 (
34... Red8 35. Bg6 Qe7 36. Bf5 $16) 35. Rxe4 Rxe4 36. Bxe4 Rd8 37. d6 Ne5 38.
Qc5 Qf6 39. Re7 Qxd6 (39... Ng6 $2 40. Bxg6 Qxg6 41. d7 $18) 40. Rxe5 Qxc5 41.
Rxc5 Rb8 42. Rxa5 b3 43. Ra8 Rxa8 44. Bxa8 b2 45. Be4 b1=Q+ 46. Bxb1 Nxb1 {
This ending is drawn. The N cannot act on both flanks.} 47. a5 Nc3 48. a6 Nb5
49. Kh2 Kf7 50. Kg3 Ke6 51. Kf4 Na7 52. Ke4 Nc6 53. Kf4 Kd5 1/2-1/2